| 000 | 00386nam a22001697a 4500 | ||
|---|---|---|---|
| 005 | 20160903160558.0 | ||
| 008 | 160903b xxu||||| |||| 00| 0 eng d | ||
| 020 | _a978-81-7754-413-8 | ||
| 041 | _aeng | ||
| 082 | _b20949 | ||
| 100 |
_aGUPTA,O.P _93470 |
||
| 245 | _aMODERN WEED MANAGEMENT | ||
| 260 |
_bAGROBIOS _c2016 |
||
| 300 | _a569 | ||
| 650 |
_aAGRICULTURE _92837 |
||
| 942 | _cBK | ||
| 999 |
_c5175 _d5173 |
||